000 01063nam a2200265 a 4500
001 47185
003 BD-RjUL
005 20211209054255.0
008 160807s2003 enka fo| 001 0 eng d
020 _a0761947663
020 _a0761947671
035 _a(BD-RjUL)47304
040 _aStDuBDS
_cStDuBDS
_epn
_beng
_dBD-RjUL
041 _aeng
082 0 4 _a307.14120941
_223
_bMOR 2003
100 1 0 _aMoseley, Malcolm J.
_9143683
245 1 0 _aRural development :
_bprinciples and practice /
_cMalcolm J. Moseley.
260 _aLondon :
_bSAGE,
_cc2003.
300 _axii, 227 p. :
_bill. ;
_c24 cm.
504 _aIncludes bibliographical references and index.
520 8 _aMoseley explains the mechanisms for planning, managing and financing rural development at the local level. The text provides students and practitioners with a primer that links the theory to the practice of 'doing' rural development.
650 0 _aRural development.
_9143684
856 4 0 _zSAGE knowledge
_uhttp://sk.sagepub.com/books/rural-development
_zMIT Access Only
942 _2ddc
_cBK
999 _c47185
_d47185